MARC

LEADER 00000nbm0a2200000 4500
001 132235
005 20231031134754.0
035 |a (RuTPU)RU\TPU\book\143182 
090 |a 132235 
100 |a 20080228d1971 k y0rusy50 ca 
101 0 |a rus 
102 |a RU 
105 |a a m 001zy 
200 1 |a Телевизионный контроль процесса сварки  |e Диссертация на соискание ученой степени кандидата технических наук  |f А.А. Солнцев  |g Томский институт автоматизированных систем управления и радиоэлектроники (ТИАСУР) ; науч. рук. И. Н. Пустынский 
210 |a Томск  |d 1971 
215 |a 177 л.  |c ил. 
320 |a Библиогр.: с. 168-177 ( 120 назв.) 
610 1 |a сварка 
610 1 |a телевизионный контроль 
610 1 |a светотехнические расчеты 
610 1 |a спектральные методы 
610 1 |a искажения 
610 1 |a контраст 
610 1 |a светофильтры 
610 1 |a оптика 
610 1 |a защитные стекла 
610 1 |a электрический метод 
610 1 |a излучение 
610 1 |a системы наблюдения 
610 1 |a исследования 
610 1 |a диссертации 
675 |a 621.791.0025(04)  |v 3 
700 1 |a Солнцев  |b А. А. 
702 1 |a Пустынский  |b И. Н.  |c радиотехник, доктор технических наук, профессор  |c ректор Томского государственного университета систем управления и радиоэлектроники (1984-1999)  |f 1934-2017  |g Иван Николаевич  |2 stltpush  |3 (RuTPU)RU\TPU\pers\11825  |4 727 
712 0 2 |a Томский институт автоматизированных систем управления и радиоэлектроники (ТИАСУР)  |c (1971-1993)  |2 stltpush  |3 (RuTPU)RU\TPU\col\3065 
801 1 |a RU  |b 63413507  |c 20080228  |g PSBO 
801 2 |a RU  |b 63413507  |c 20220208  |g PSBO 
942 |c BK